[Event "Let's Play Chess!"]
[Site "http://www.queenalice.com/game.php?id=438179"]
[Date "2008.7.24"]
[Round "-"]
[White "elisangela"]
[Black "geesnode"]
[Result "0-1"]
[WhiteElo "1579"]
[BlackElo "1589"]

1. e3 e5 2. h3 d5 3. b3 c5 4. Qh5 Nc6 5. Bb5 Bd6 6. Bxc6+ bxc6 7. Bb2 Qe7 8. Nf3
d4 9. e4 Nf6 10. Qh4 O-O 11. d3 a5 12. Na3 a4 13. c4 axb3 14. axb3 Be6 15. g4
Rfb8 16. Nd2 Bc7 17. Rg1 Ba5 18. g5 Nd7 19. Nb1 Nf8 20. Qg3 Qb7 21. Qxe5 Qxb3
22. Rxa5 Qxb2 23. Rxa8 Rxa8 24. Qxc5 Qc1+ 25. Ke2 Qxg1 26. Qxc6 Rc8 27. Qd6 Bxh3
28. Nf3 Qf1+ 0-1

[Event "AUTO-ADV-1042"]
[Site "http://www.queenalice.com/game.php?id=464773"]
[Date "2008.9.17"]
[Round "1"]
[White "geesnode"]
[Black "MalucoO"]
[Result "0-1"]
[WhiteElo "1748"]
[BlackElo "2054"]

1. d4 Nf6 2. c4 e6 3. Nf3 c6 4. Bg5 d5 5. e3 Nbd7 6. Nc3 b6 7. cxd5 exd5 8. Bd3
Be7 9. O-O Bb7 10. Rc1 O-O 11. a3 h6 12. Bh4 Re8 13. b4 a6 14. Re1 Rc8 15. Bg3
c5 16. dxc5 bxc5 17. bxc5 Nxc5 18. Bb1 Nfe4 19. Nxe4 dxe4 20. Nd4 Bf6 21. Qg4
Bxd4 22. exd4 Qxd4 23. Ba2 Nd3 24. Rcd1 Qc3 25. Rf1 Rcd8 26. Qf5 Qf6 27. Qg4 Bd5
28. Bb1 Bc4 29. Bh4 g5 30. Bg3 Qe6 31. Qh5 Nb2 32. Rc1 Bxf1 0-1

[Event "AUTO-ADV-1042"]
[Site "http://www.queenalice.com/game.php?id=464774"]
[Date "2008.9.17"]
[Round "1"]
[White "MalucoO"]
[Black "geesnode"]
[Result "1-0"]
[WhiteElo "2053"]
[BlackElo "1732"]

1. e4 d5 2. exd5 Qxd5 3. Nc3 Qa5 4. d4 c6 5. Nf3 Nf6 6. Bd2 Bf5 7. Bc4 e6 8. O-O
Bb4 9. a3 Bxc3 10. Bxc3 Qc7 11. Re1 Nbd7 12. Bd3 Bg4 13. Bd2 O-O-O 14. c4 Rdg8
15. Be2 g5 16. Ne5 Bxe2 17. Qxe2 Nxe5 18. dxe5 Nd7 19. Rad1 h5 20. Bc3 g4 21.
Rd3 h4 22. h3 Nc5 23. Re3 Ne4 24. Rxe4 gxh3 25. Rg4 hxg2 26. Rxg2 h3 27. Rxg8+
Rxg8+ 28. Kh1 c5 29. Qf3 1-0

[Event "AUTO-ADV-1042"]
[Site "http://www.queenalice.com/game.php?id=464775"]
[Date "2008.9.17"]
[Round "1"]
[White "geesnode"]
[Black "joffly"]
[Result "1-0"]
[WhiteElo "1728"]
[BlackElo "1739"]

1. d4 d5 2. c4 e6 3. Nc3 Be7 4. Nf3 Nf6 5. Bg5 O-O 6. e3 h6 7. Bf4 Nc6 8. Bd3 a6
9. a4 Bd7 10. O-O Bd6 11. Bg3 dxc4 12. Bxc4 Na5 13. Bd3 c5 14. Bxd6 1-0

[Event "AUTO-ADV-1042"]
[Site "http://www.queenalice.com/game.php?id=464776"]
[Date "2008.9.17"]
[Round "1"]
[White "joffly"]
[Black "geesnode"]
[Result "0-1"]
[WhiteElo "1739"]
[BlackElo "1744"]

1. c4 Nf6 2. Nc3 g6 3. g3 Bg7 4. Bg2 O-O 5. Nf3 c6 6. O-O d5 7. cxd5 cxd5 8. d4
Nc6 9. e3 e6 10. b3 Bd7 11. Ne5 Rc8 12. e4 Nh5 13. Bf3 Nxe5 14. Bxh5 gxh5 0-1

[Event "AUTO-ADV-1042"]
[Site "http://www.queenalice.com/game.php?id=464777"]
[Date "2008.9.17"]
[Round "1"]
[White "geesnode"]
[Black "tariann"]
[Result "0-1"]
[WhiteElo "1764"]
[BlackElo "1856"]

1. d4 Nf6 2. c4 g6 3. Nc3 Bg7 4. e4 O-O 5. Nf3 d6 6. Be2 Nbd7 7. O-O e5 8. Re1
c6 9. Bf1 a5 10. Rb1 Ng4 11. b4 axb4 12. Rxb4 exd4 13. Ne2 c5 14. Ra4 Rxa4 15.
Qxa4 Nde5 16. Nxe5 dxe5 17. Ba3 Qh4 0-1

[Event "AUTO-ADV-1042"]
[Site "http://www.queenalice.com/game.php?id=464778"]
[Date "2008.9.17"]
[Round "1"]
[White "tariann"]
[Black "geesnode"]
[Result "1-0"]
[WhiteElo "1871"]
[BlackElo "1747"]

1. e4 d5 2. exd5 Qxd5 3. Nc3 Qa5 4. d4 c6 5. Nf3 Nf6 6. Bd3 Bg4 7. O-O Nbd7 8.
h3 Bh5 9. Re1 e6 10. Bd2 Qc7 11. Qe2 Bd6 12. Rad1 O-O-O 13. Ne4 Nxe4 14. Bxe4
Nf6 15. c4 Bf4 16. Bc3 h6 17. Qc2 g5 18. d5 Nxe4 19. Qxe4 Rhg8 20. dxe6 fxe6 21.
Qxe6+ Kb8 22. Rxd8+ Rxd8 23. Ne5 a6 24. g4 Re8 25. Qf6 1-0

[Event "AUTO-OPEN-1267"]
[Site "http://www.queenalice.com/game.php?id=464843"]
[Date "2008.9.17"]
[Round "1"]
[White "Ustin"]
[Black "geesnode"]
[Result "1/2-1/2"]
[WhiteElo "2082"]
[BlackElo "1773"]

1. e4 c5 2. Nf3 d6 3. d4 cxd4 4. Nxd4 Nf6 5. Nc3 a6 6. Be3 e5 7. Nb3 Be6 8. f3
Nbd7 9. Be2 b5 10. a4 b4 11. Nd5 Bxd5 12. exd5 a5 13. Bb5 Be7 14. O-O O-O 15.
Bg5 Nb6 16. Bc6 Ra7 17. Bxf6 Bxf6 18. Qe2 Bg5 19. Rfd1 f5 20. Nd2 Kh8 21. g4
fxg4 22. fxg4 Raf7 23. Ne4 Bh4 24. Rf1 Rf4 25. Rxf4 Rxf4 26. h3 Nd7 27. Rf1
Rxf1+ 28. Qxf1 Nf6 29. Nxf6 Qxf6 30. Qxf6 Bxf6 31. Bd7 Kg8 32. Kf2 Kf7 33. Ke3
Ke7 34. Bf5 h6 35. b3 Kd8 36. Kd3 Kc7 37. Be4 Bh4 38. Kd2 Kb6 39. c3 bxc3+ 40.
Kxc3 Kc5 41. Kd3 Kb4 42. Kc2 Bf2 43. Bd3 Bd4 1/2-1/2

[Event "AUTO-OPEN-1267"]
[Site "http://www.queenalice.com/game.php?id=464844"]
[Date "2008.9.17"]
[Round "1"]
[White "geesnode"]
[Black "Ustin"]
[Result "0-1"]
[WhiteElo "1777"]
[BlackElo "2065"]

1. e4 e5 2. Nf3 Nc6 3. Bb5 a6 4. Ba4 Nf6 5. O-O Be7 6. Re1 b5 7. Bb3 O-O 8. h3
d6 9. c3 Na5 10. Bc2 c5 11. d4 Qc7 12. Nbd2 Bd7 13. Nf1 Rfc8 14. d5 b4 15. Ng3
Nc4 16. b3 Nb6 17. c4 a5 18. Bg5 a4 19. Nh4 h6 20. Bxf6 Bxf6 21. Nhf5 axb3 22.
axb3 Rxa1 23. Qxa1 Bxf5 24. Nxf5 Kh7 25. Qb2 g6 26. Ne3 Ra8 27. Ra1 Qc8 28. Ng4
Bd8 29. Qc1 Bg5 30. Qb1 Nd7 31. Bd1 h5 32. Nh2 Bd2 33. g4 Nf6 34. gxh5 Rxa1 35.
hxg6+ Kxg6 36. Qxa1 Qxh3 37. Bf3 Bf4 0-1

[Event "AUTO-OPEN-1267"]
[Site "http://www.queenalice.com/game.php?id=464869"]
[Date "2008.9.17"]
[Round "1"]
[White "geesnode"]
[Black "daddyrat"]
[Result "1-0"]
[WhiteElo "1770"]
[BlackElo "1542"]

1. d4 d5 2. c4 dxc4 3. Nf3 e5 4. Nxe5 Be6 5. e4 Nc6 6. Nf3 Bg4 7. Be3 Nf6 8. Nc3
Qe7 9. e5 Nd7 10. Bxc4 Qb4 11. Bb3 O-O-O 12. O-O Ndxe5 13. Nd5 Qa5 14. dxe5 Nb4
15. Qe1 Be6 16. Nxb4 Bxb4 17. Bxe6+ fxe6 18. Qc1 h6 19. a3 Be7 20. b4 Qd5 21.
Qc3 g5 22. Rac1 Rd7 23. h3 Rg8 24. Nd4 Qxe5 25. Qc4 Bd6 26. g3 h5 27. Nb5 c6 28.
Nxd6+ Rxd6 29. b5 Kc7 30. bxc6 Rxc6 31. Qa4 a6 32. Rxc6+ bxc6 33. Rc1 Qb5 34.
Qxb5 axb5 35. Kf1 g4 36. hxg4 hxg4 37. Ke2 e5 38. Kd3 Rd8+ 39. Ke4 Kd6 40. Rd1+
Ke7 41. Bg5+ 1-0

[Event "AUTO-OPEN-1267"]
[Site "http://www.queenalice.com/game.php?id=464870"]
[Date "2008.9.17"]
[Round "1"]
[White "daddyrat"]
[Black "geesnode"]
[Result "0-1"]
[WhiteElo "1573"]
[BlackElo "1761"]

1. e4 d5 2. exd5 Qxd5 3. Nc3 Qa5 4. d4 c6 5. Bd2 Bf5 6. Qf3 Bg6 7. Bd3 e6 8. Nh3
Nf6 9. Bxg6 hxg6 10. Ne4 Qd8 11. Bc3 Nbd7 12. a3 Nxe4 13. Qxe4 Bd6 14. O-O-O Qb6
15. Ng5 Nf6 16. Qf3 Rh5 17. h4 Qc7 18. g3 O-O-O 19. d5 cxd5 20. Bxf6 gxf6 21.
Qxf6 Rd7 22. Rd3 Kb8 23. Rc3 Qb6 24. Nxf7 a6 25. Qxe6 Bf4+ 26. gxf4 Qxe6 27. Ng5
Rxg5 28. fxg5 d4 29. Rd3 Qe4 30. f3 Qe2 31. Rh3 Qf1+ 32. Kd2 Qxh3 33. c3 dxc3+
34. bxc3 Qg2+ 35. Ke3 Rxd3+ 36. Kxd3 Qxf3+ 0-1

[Event "AUTO-OPEN-1267"]
[Site "http://www.queenalice.com/game.php?id=464871"]
[Date "2008.9.17"]
[Round "1"]
[White "geesnode"]
[Black "DiegoRB"]
[Result "1-0"]
[WhiteElo "1804"]
[BlackElo "1506"]

1. d4 d5 2. c4 Nf6 3. Nc3 c6 4. Nf3 Be6 5. cxd5 Nxd5 6. e4 Nxc3 7. bxc3 Nd7 8.
Bd3 Nb6 9. O-O g6 10. Ng5 Bc4 11. Bf4 f6 12. Nf3 e6 13. Re1 g5 14. Be3 Bxd3 15.
Qxd3 Na4 16. Rab1 Qe7 17. e5 f5 18. Bxg5 Qg7 19. Bf6 Qg8 20. Rxb7 Bg7 21. Bxg7
O-O-O 22. Qa6 Rd7 23. Reb1 Rc7 24. Rxc7+ Kxc7 25. Qb7+ 1-0

[Event "AUTO-OPEN-1267"]
[Site "http://www.queenalice.com/game.php?id=464872"]
[Date "2008.9.17"]
[Round "1"]
[White "DiegoRB"]
[Black "geesnode"]
[Result "0-1"]
[WhiteElo "1502"]
[BlackElo "1808"]

1. e4 e6 2. d4 d5 3. e5 c5 4. dxc5 Bxc5 5. Nf3 Nc6 6. Bb5 Ne7 7. Bg5 Qb6 8. a4
Bxf2+ 9. Kf1 O-O 10. Bxc6 Nxc6 11. Qe2 Bc5 12. c3 Re8 13. a5 Qc7 14. Qb5 Be7 15.
Na3 Bd7 16. a6 Bxg5 17. axb7 Rab8 18. Nc4 Nxe5 19. Qa5 Qxa5 20. Nxa5 Nxf3 21.
gxf3 Bd8 22. b4 Bxa5 23. Rxa5 Rxb7 0-1

[Event "AUTO-OPEN-1197"]
[Site "http://www.queenalice.com/game.php?id=501802"]
[Date "2008.12.2"]
[Round "2"]
[White "geesnode"]
[Black "Velasquez"]
[Result "1-0"]
[WhiteElo "1810"]
[BlackElo "1913"]

1. d4 Nf6 2. c4 c5 3. d5 b5 4. cxb5 a6 5. bxa6 g6 6. Nc3 Bg7 7. e4 Qa5 8. Qc2
Bxa6 9. Bxa6 Nxa6 10. f3 d6 11. Ne2 O-O 12. O-O Rfb8 13. Bg5 Rb7 14. Kh1 Nb4 15.
Qd2 Ne8 16. Bh6 Qa6 17. Bxg7 Kxg7 18. b3 Rba7 19. Qg5 Nc2 20. Rac1 h6 21. Qg3
Nb4 22. Ra1 Qd3 23. a4 Nc2 24. Rac1 Nb4 25. f4 Qxg3 26. Nxg3 f6 27. f5 g5 28.
Nge2 Nc7 29. Kg1 Rb7 30. Rb1 Rab8 31. Nc1 Nba6 32. Rf2 c4 33. Rfb2 cxb3 34. Rxb3
Rxb3 35. Rxb3 Rxb3 36. Nxb3 Nc5 37. Nxc5 dxc5 38. Kf2 Kf7 39. Ke3 Ke8 40. Kd3
Kd7 41. Kc4 Kd6 42. Nb5+ Nxb5 43. axb5 g4 44. h3 gxh3 45. gxh3 1-0

[Event "AUTO-OPEN-1197"]
[Site "http://www.queenalice.com/game.php?id=501803"]
[Date "2008.12.2"]
[Round "2"]
[White "Velasquez"]
[Black "geesnode"]
[Result "0-1"]
[WhiteElo "1885"]
[BlackElo "1830"]

1. e4 c5 2. Nc3 Nc6 3. Bc4 e6 4. d3 Nf6 5. f4 d5 6. exd5 exd5 7. Qe2+ Be7 8. Bb5
O-O 9. Bxc6 bxc6 10. Nf3 Re8 11. O-O d4 12. Ne4 Nd5 13. Qf2 Qc7 14. Nfg5 h6 15.
Nh3 Bg4 16. Kh1 Rab8 17. b3 f5 18. Ng3 Bh4 19. Bd2 Re2 20. Qxe2 Bxe2 21. Nxe2
Re8 22. Ng3 Bxg3 23. hxg3 Re2 24. Rad1 Nc3 25. Bxc3 dxc3 26. Rf2 Qe7 27. Kg1 Qe3
28. Kf1 Rxf2+ 29. Nxf2 Qxg3 30. Nh3 Qe3 31. Re1 Qd2 32. Re2 Qc1+ 33. Kf2 Qa3 34.
Kf3 Qxa2 35. Nf2 a5 36. Nd1 Qa1 37. Ne3 a4 38. bxa4 Qxa4 39. Nxf5 c4 40. dxc4
Qxc4 41. Re8+ Kh7 42. Re7 Qd5+ 43. Kg4 Qxg2+ 44. Kh4 Qh2+ 45. Kg4 h5+ 46. Kf3
Qh3+ 47. Ke4 Qg2+ 48. Kd3 Qd5+ 49. Nd4 c5 50. Re5 Qxd4+ 0-1

[Event "Ferdyrojo"]
[Site "http://www.queenalice.com/game.php?id=519100"]
[Date "2009.1.8"]
[Round "1"]
[White "geesnode"]
[Black "Ferdyrojo"]
[Result "0-1"]
[WhiteElo "1812"]
[BlackElo "2210"]

1. d4 Nf6 2. c4 b6 3. Nf3 e6 4. g3 Bb4+ 5. Bd2 Bxd2+ 6. Qxd2 Ba6 7. b3 d5 8. Na3
O-O 9. Bg2 Qd6 10. Nb5 Bxb5 11. cxb5 a6 12. bxa6 Ne4 13. Qc2 Nxa6 14. O-O c5 15.
e3 Rfc8 16. Rfc1 Nb4 17. Qe2 Qe7 18. dxc5 bxc5 19. Nd2 Nxa2 20. Rd1 Nec3 0-1

[Event "Ferdyrojo"]
[Site "http://www.queenalice.com/game.php?id=540014"]
[Date "2009.2.14"]
[Round "2"]
[White "montelo"]
[Black "geesnode"]
[Result "1-0"]
[WhiteElo "1710"]
[BlackElo "1848"]

1. e4 c5 2. Nf3 d6 3. h3 Nf6 4. Bc4 e6 5. d3 Be7 6. g3 O-O 7. e5 dxe5 8. Nxe5 a6
9. Qf3 Nbd7 10. Nxd7 Bxd7 11. Qxb7 Rc8 12. Qxa6 Bc6 13. O-O Qd4 14. Qa7 Bd6 15.
Be3 Qxb2 16. Na3 Ra8 17. Bc1 Qxa1 18. Qb6 1-0